000
00277nam a2200121Ia 4500
005
20251222144833.0
008
251222s9999||||xx |||||||||||||| ||spa||
020
_a
84-8130-140-X
082
_a
828.5/D44
100
_a
"Defoe, Daniel"
245
0
_a
Robinson Crusoe
942
_c
LIB
999
_c
20935
_d
20935